تأسيس الترجمة من الملايوية الى العربية ونظريتها : دراسة وتحليل /
Saved in:
| Main Author: | |
|---|---|
| Other Authors: | |
| Format: | Thesis |
| Language: | Arabic |
| Published: |
Bangi, Selangor :
al-Jami'ah al-Wataniyah al-Maliziya,
2003.
|
| Subjects: | |
| Tags: |
Add Tag
No Tags, Be the first to tag this record!
|
| LEADER | 015140000a22003490004500 | ||
|---|---|---|---|
| 001 | 293708 | ||
| 005 | 20230420125201.0 | ||
| 008 | 031029s2003 my g 0 0 0 ara d | ||
| 035 | |a (Sirsi) 293708 | ||
| 040 | |a UIAM |b eng | ||
| 041 | 0 | |a ara | |
| 050 | 0 | 0 | |a PL5084.4.A2 |
| 100 | 1 | |a مجدى بن حاج ابراهيم |9 120374 | |
| 242 | 1 | 0 | |a Ta'sis al-tarjamah min al-malayuwiyah ila al-'Arabiyah wa nazaritiha : dirasah wa tahlil |
| 245 | 1 | 0 | |a تأسيس الترجمة من الملايوية الى العربية ونظريتها : دراسة وتحليل / |c مجدى بن حاج ابراهيم |
| 260 | |a Bangi, Selangor : |b al-Jami'ah al-Wataniyah al-Maliziya, |c 2003. | ||
| 300 | |a 227 leaves ; |c 31 cm. | ||
| 336 | |2 rdacontent | ||
| 337 | |2 rdamedia | ||
| 338 | |2 rdacarrier | ||
| 500 | |a Abstracts in Arabic, Malay and English | ||
| 502 | |a " بحث تكميلى مقدم كجزء من متطلبات الحصول على درجة الدكتوراه " | ||
| 502 | |a Thesis (Ph.D)--Universiti Kebangsaan Malaysia, 2003 | ||
| 650 | 0 | |a Malay language |x Translating into Arabic |9 120376 | |
| 650 | 0 | |a Arabic language |x Influence on Malay |9 112540 | |
| 650 | 0 | |a Arabic language |x Translating into Malay |9 85088 | |
| 655 | 0 | 7 | |a Theses, non-IIUM |
| 700 | 1 | 0 | |a Majdi bin Haji Ibrahim |9 34728 |
| 900 | |a ami | ||
| 942 | |2 lcc |n 0 | ||
| 999 | |c 431936 |d 463952 | ||
| 952 | |0 0 |6 T PL 005084.4 A2M233T 2003 |7 0 |8 THESES |9 755350 |a IIUM |b IIUM |c MULTIMEDIA |g 0.00 |o t PL5084.4A2M233T 2003 |p 00000864943 |r 2017-11-24 |t 1 |v 0.00 |y THESIS | ||
